000
00290nam a22001337a 4500
008
181107b xxu||||| |||| 00| 0 eng d
020
_a
0618604197
041
_a
eng
080
_a
371
100
_a
46
101
_a
EDU
245
_a
Becoming a Master Student
_c
Ellis, D
942
_2
udc
_c
BK
999
_c
52177
_d
52177